[Event "3rd Cambridge Int Open"]
[Site "Cambridge ENG"]
[Date "2025.05.26"]
[Round "1.46"]
[White "Jacobs, Simon"]
[Black "Pack, James"]
[Result "0-1"]
[WhiteElo "1736"]
[BlackElo "1884"]
[WhiteFideId "343440673"]
[BlackFideId "438294"]
[EventDate "2025.05.26"]

1. e4 d6 2. d4 Nf6 3. Nc3 e5 4. Nf3 Nbd7 5. Rg1 g6 6. g4 exd4 7. Nxd4 Bg7 8. Be3
Nc5 9. f3 O-O 10. Qd2 Re8 11. O-O-O c6 12. h4 d5 13. Nde2 Qa5 14. g5 Nfxe4 15.
fxe4 Nxe4 16. Nxe4 Qxa2 17. c3 Qa1+ 18. Kc2 Qa4+ 19. Kc1 Qxe4 20. Nd4 Qxe3 21.
Bd3 Bxd4 22. cxd4 Qxd4 23. h5 Qe3 24. hxg6 fxg6 25. Rh1 Bg4 26. Rde1 Qxd2+ 27.
Kxd2 Bf5 28. Bxf5 gxf5 29. Ref1 Re5 30. Rh6 Kg7 31. Rf6 Rf8 32. Rd6 Rf7 33. Rh1
f4 34. Rhh6 Rxg5 0-1

[Event "3rd Cambridge Int Open"]
[Site "Cambridge ENG"]
[Date "2025.05.26"]
[Round "1.47"]
[White "Tso, Chi Wai"]
[Black "Xu, Jiarui"]
[Result "0-1"]
[WhiteElo "1881"]
[BlackElo "1725"]
[WhiteFideId "343461417"]
[BlackFideId "471712"]
[EventDate "2025.05.26"]

1. d4 d5 2. c4 e6 3. Nf3 Nf6 4. Nc3 Be7 5. Bg5 Nbd7 6. e3 h6 7. Bh4 O-O 8. Bd3
b6 9. cxd5 exd5 10. Bg3 Bb7 11. h3 c5 12. O-O Re8 13. Nb5 Rf8 14. Nd6 Bxd6 15.
Bxd6 Re8 16. Rc1 c4 17. Bb1 Ne4 18. Bxe4 Rxe4 19. Nd2 Re6 20. Bf4 b5 21. Qf3 Rc8
22. a4 a6 23. axb5 axb5 24. Ra1 Qb6 25. Rfc1 b4 26. Qd1 Rec6 27. Nf3 c3 28. bxc3
Rxc3 29. Rxc3 bxc3 30. Ne1 Qc6 31. Rc1 Qc4 32. Nc2 Ba6 33. Bd6 Rc6 34. Na3 Qa2
35. Bb4 Qb2 36. Nc2 Bd3 37. Ba5 Ra6 38. Nb4 Be2 0-1

[Event "3rd Cambridge Int Open"]
[Site "Cambridge ENG"]
[Date "2025.05.26"]
[Round "1.48"]
[White "Ewart, Thomas"]
[Black "Lazarus, Simon E"]
[Result "0-1"]
[WhiteElo "1701"]
[BlackElo "1874"]
[WhiteFideId "343428290"]
[BlackFideId "343408451"]
[EventDate "2025.05.26"]

1. c4 e6 2. d4 d5 3. Nc3 c5 4. cxd5 cxd4 5. Qxd4 Nc6 6. Qd1 exd5 7. Qxd5 Be6 8.
Qxd8+ Rxd8 9. Bd2 Nb4 10. O-O-O Nxa2+ 11. Nxa2 Bxa2 12. Bc3 Rxd1+ 13. Kxd1 Nf6
14. Bxf6 gxf6 15. e3 Bb3+ 16. Kc1 Bb4 17. Bd3 O-O 18. Nh3 Rd8 19. Bc2 Rc8 20.
Kb1 Bxc2+ 21. Kc1 Bf5+ 22. Kd1 Rd8+ 23. Kc1 Bd2+ 24. Kd1 Bxe3+ 25. Ke2 Bh6 0-1

[Event "3rd Cambridge Int Open"]
[Site "Cambridge ENG"]
[Date "2025.05.26"]
[Round "1.49"]
[White "Walley, A Clive"]
[Black "Renaud, Jacques"]
[Result "1-0"]
[WhiteElo "1871"]
[BlackElo "1674"]
[WhiteFideId "453404"]
[BlackFideId "651088797"]
[EventDate "2025.05.26"]

1. e4 e6 2. d4 d5 3. Nc3 Bb4 4. e5 c5 5. a3 Bxc3+ 6. bxc3 Qa5 7. Bd2 Qa4 8. Qg4
Kf8 9. Kd1 Nc6 10. Nf3 Nge7 11. Bd3 c4 12. Be2 Ng6 13. h4 h6 14. h5 Nge7 15. Qf4
Ke8 16. g4 Rf8 17. g5 hxg5 18. Qxg5 Nf5 19. Nh4 Nce7 20. Nxf5 Nxf5 21. Bg4 Rg8
22. Bxf5 exf5 23. h6 Be6 24. h7 Rh8 25. Qxg7 Kd7 26. Bg5 1-0

[Event "3rd Cambridge Int Open"]
[Site "Cambridge ENG"]
[Date "2025.05.26"]
[Round "1.50"]
[White "Hindol Ghosh"]
[Black "Lee, Yuk Hei"]
[Result "1-0"]
[WhiteElo "1669"]
[BlackElo "1870"]
[WhiteFideId "25101641"]
[BlackFideId "343411061"]
[EventDate "2025.05.26"]

1. e4 c5 2. Nf3 Nc6 3. d4 cxd4 4. Nxd4 e5 5. Nb5 d6 6. N1c3 Nf6 7. Bg5 a6 8. Na3
b5 9. Nd5 Be7 10. Bxf6 Bxf6 11. c3 Be7 12. Nc2 O-O 13. Nce3 Be6 14. Bd3 Nb8 15.
a4 bxa4 16. Rxa4 a5 17. b4 Re8 18. Qa1 Nd7 19. Rxa5 Rb8 20. O-O Nb6 21. Ra7 Bxd5
22. Nxd5 Nxd5 23. exd5 Qc8 24. Qa4 Bf6 25. Qc6 Rd8 26. h3 Ra8 27. Rfa1 Rxa7 28.
Rxa7 g6 29. b5 Qb8 30. b6 Rf8 31. Qc7 Kg7 32. Bb5 h5 33. Bc6 Rc8 34. Qxf7+ Kh6
35. Qxf6 Qxb6 36. Qg7+ Kg5 37. h4+ Kxh4 38. Qf6+ g5 39. g3+ Kh3 40. Bd7+ 1-0

[Event "3rd Cambridge Int Open"]
[Site "Cambridge ENG"]
[Date "2025.05.26"]
[Round "1.51"]
[White "Mittal, Aditya"]
[Black "Doman, Richard"]
[Result "1-0"]
[WhiteElo "1849"]
[BlackElo "1661"]
[WhiteFideId "499250"]
[BlackFideId "343447732"]
[EventDate "2025.05.26"]

1. e4 d5 2. exd5 Nf6 3. d4 Nxd5 4. c4 Nb4 5. a3 N4c6 6. d5 Ne5 7. Bf4 Ng6 8. Bg3
e6 9. Nf3 exd5 10. cxd5 Bd6 11. Bb5+ Bd7 12. Nc3 Bxg3 13. hxg3 Qe7+ 14. Qe2
Qxe2+ 15. Kxe2 a6 16. Bd3 Bg4 17. Rac1 Nd7 18. Ne4 Rc8 19. Nd6+ Kd8 20. Nxf7+
Ke7 21. Nxh8 Nxh8 22. Rxh7 Kf6 23. Kf1 Nf7 24. Rh4 Bxf3 25. gxf3 Nde5 26. Be2
Nd6 27. f4 Ng6 28. Rh5 c6 29. dxc6 bxc6 30. Bxa6 Rc7 31. Bd3 Ne7 32. b4 Ndf5 33.
Bxf5 Nxf5 34. b5 Nd4 35. bxc6 1-0

[Event "3rd Cambridge Int Open"]
[Site "Cambridge ENG"]
[Date "2025.05.26"]
[Round "1.52"]
[White "Siddhartha Shankar Srivastava"]
[Black "Pai, Sidhanth"]
[Result "0-1"]
[WhiteElo "1647"]
[BlackElo "1832"]
[WhiteFideId "25780590"]
[BlackFideId "343111937"]
[EventDate "2025.05.26"]

1. e4 c5 2. Nf3 e6 3. d4 cxd4 4. Nxd4 a6 5. c4 Nf6 6. Nc3 Qc7 7. Be2 d6 8. Be3
Nbd7 9. f4 b6 10. O-O Bb7 11. Bf3 Be7 12. Rc1 O-O 13. f5 Ne5 14. fxe6 Nxc4 15.
exf7+ Rxf7 16. Bf4 Nxb2 17. Qe2 Qc4 18. Qf2 Qb4 19. Rb1 Qxc3 20. Rxb2 Nxe4 21.
Qe3 Qxb2 22. Bxe4 Bf6 23. Nf5 Re8 24. Rb1 Rxe4 25. Qxe4 Bxe4 26. Rxb2 Bxb2 0-1

[Event "3rd Cambridge Int Open"]
[Site "Cambridge ENG"]
[Date "2025.05.26"]
[Round "1.53"]
[White "Adams, George"]
[Black "Pride, Stephen C"]
[Result "1-0"]
[WhiteElo "1829"]
[BlackElo "1640"]
[WhiteFideId "487643"]
[BlackFideId "419680"]
[EventDate "2025.05.26"]

1. d4 d5 2. Nf3 Bf5 3. c4 e6 4. Nc3 Bb4 5. Bg5 Ne7 6. e3 Nbc6 7. a3 Bxc3+ 8.
bxc3 h6 9. Bh4 O-O 10. Be2 Qd7 11. O-O Bh7 12. Bg3 Nf5 13. Bf4 Rfd8 14. h3 Nce7
15. Bh2 Nd6 16. Ne5 Qe8 17. Qb3 dxc4 18. Nxc4 Nd5 19. Nxd6 cxd6 20. c4 Nb6 21.
a4 Qd7 22. Rfc1 Nc8 23. Bf3 b6 24. Bxa8 1-0

[Event "3rd Cambridge Int Open"]
[Site "Cambridge ENG"]
[Date "2025.05.26"]
[Round "2.1"]
[White "Bosiocic, Marin"]
[Black "Siva, Mahadevan"]
[Result "0-1"]
[WhiteTitle "GM"]
[BlackTitle "IM"]
[WhiteElo "2511"]
[BlackElo "2385"]
[WhiteFideId "14507927"]
[BlackFideId "25043153"]
[EventDate "2025.05.26"]

1. e4 c5 2. Nf3 d6 3. d4 cxd4 4. Nxd4 Nf6 5. Nc3 Nc6 6. f3 e5 7. Nb3 Be6 8. Nd5
Be7 9. Be3 O-O 10. c3 Nb8 11. Nxe7+ Qxe7 12. c4 a5 13. Be2 Nbd7 14. O-O b6 15.
Nd2 Nc5 16. Nb1 Nh5 17. Nc3 Nf4 18. Qd2 Nxe2+ 19. Qxe2 a4 20. Rfd1 Rfc8 21. Rab1
Rc6 22. b3 axb3 23. axb3 f5 24. Nd5 Qf8 25. b4 Nd7 26. Qd3 fxe4 27. fxe4 Rac8
28. Rbc1 Bxd5 29. Qxd5+ Qf7 30. Qb5 Nf6 31. Qa6 Qe6 32. b5 Rxc4 33. Rxc4 Rxc4
34. Qxb6 Nxe4 35. Qb8+ Qc8 36. Qa7 Nc3 37. Rf1 Rc7 38. Qa6 d5 39. Bb6 Rb7 40.
Kh1 h6 41. Bc5 Kh7 42. b6 Ne4 43. Bg1 Qc6 44. Qd3 Kg8 45. Re1 Re7 46. Qa3 Rf7
47. Qb2 d4 48. Qa2 Nc3 49. Qb3 Qd5 50. Qb4 Rb7 51. Ra1 Qc6 52. Ra8+ Kh7 53. Qf8
Rxb6 54. Qg8+ Kg6 55. Ra7 Qf6 56. h3 Ne2 57. Qc4 Ng3+ 58. Kh2 Nf1+ 59. Kh1 Ng3+
60. Kh2 Nf1+ 61. Kh1 Rc6 62. Qd5 Rd6 63. Qe4+ Qf5 64. Qb7 Ng3+ 65. Kh2 Qf6 66.
Bf2 Rb6 67. Qc7 Ne4 68. Be1 Rb1 69. Qa5 Qf4+ 0-1

[Event "3rd Cambridge Int Open"]
[Site "Cambridge ENG"]
[Date "2025.05.26"]
[Round "2.2"]
[White "Balaji, Aaravamudhan"]
[Black "Ghasi, Ameet K"]
[Result "1/2-1/2"]
[WhiteTitle "IM"]
[BlackTitle "GM"]
[WhiteElo "2346"]
[BlackElo "2502"]
[WhiteFideId "436224"]
[BlackFideId "409200"]
[EventDate "2025.05.26"]

1. d4 Nf6 2. c4 g6 3. Nc3 Bg7 4. e4 d6 5. Be2 O-O 6. Be3 Na6 7. Nf3 e5 8. d5 Ng4
9. Bg5 f6 10. Bh4 Nh6 11. Nd2 c5 12. O-O Nf7 13. Bg4 Bxg4 14. Qxg4 Nb4 15. a3
Nc2 16. Rab1 b6 17. Kh1 Nd4 18. Na2 f5 19. exf5 Qd7 20. Ne4 Nh6 21. Qh3 Nhxf5
22. Bg5 b5 23. cxb5 Nxb5 24. b4 c4 25. a4 Nbd4 26. b5 a6 27. Nb4 axb5 28. axb5
Nxb5 29. Nc6 Ra3 30. Ne7+ Qxe7 31. Bxe7 Rxh3 32. gxh3 Nxe7 33. Rxb5 Bh6 34. Nxd6
c3 35. Rc5 Be3 36. Rxc3 Nxd5 1/2-1/2

[Event "3rd Cambridge Int Open"]
[Site "Cambridge ENG"]
[Date "2025.05.26"]
[Round "2.3"]
[White "Clarke, Brandon G I"]
[Black "Li, Wenxiang"]
[Result "1/2-1/2"]
[WhiteTitle "IM"]
[WhiteElo "2498"]
[BlackElo "2342"]
[WhiteFideId "400319"]
[BlackFideId "8609748"]
[EventDate "2025.05.26"]

1. e4 c6 2. d4 d5 3. e5 Bf5 4. h4 h6 5. g4 Bd7 6. Be3 e6 7. Nc3 c5 8. dxc5 a6 9.
Nf3 Qc7 10. Qd4 Nc6 11. Qf4 Qa5 12. h5 Bxc5 13. Bxc5 Qxc5 14. a3 Nge7 15. Rh3
O-O-O 16. Qd2 f6 17. b4 Qb6 18. b5 Nxe5 19. Nxe5 fxe5 20. bxa6 bxa6 21. Na2 Bc6
22. Nb4 Qd4 23. Bxa6+ Kd7 24. Qxd4 exd4 25. Rd1 e5 26. f4 exf4 27. Rxd4 Rhf8 28.
Rf3 g5 29. hxg6 Nxg6 30. Kd1 Kd6 31. Bd3 Ne5 32. Rfxf4 Kc5 33. Be2 Ng6 34. Nd3+
Kd6 35. Rf5 Ne7 36. Rh5 Rf6 37. Rf4 Re6 38. Rf3 Ng8 39. Nb4 Rde8 40. Rc3 Bb7 41.
Bb5 R8e7 42. Kc1 Re3 43. Rxe3 Rxe3 44. Kb2 Re4 45. Rf5 Rxg4 46. Rf7 Bc8 47. Rf8
Be6 48. Nd3 h5 49. a4 Rg7 50. Nf4 Bg4 51. Rd8+ Ke5 52. Nd3+ Ke4 53. Nf2+ Kf3 54.
Nxg4 hxg4 55. Rxd5 g3 56. Bc6 Kf4 57. Rd4+ Ke5 58. Rd5+ Kf4 59. Rd4+ Ke5 60. Rd2
Ne7 61. Bg2 Nf5 62. Kb3 Ne3 63. a5 Nxg2 64. Rxg2 Kd6 65. Kb4 Kc6 66. c4 Rg5 67.
a6 1/2-1/2

[Event "3rd Cambridge Int Open"]
[Site "Cambridge ENG"]
[Date "2025.05.26"]
[Round "2.5"]
[White "Wadsworth, Matthew J"]
[Black "York-Weaving, Richard"]
[Result "1/2-1/2"]
[WhiteTitle "IM"]
[BlackTitle "FM"]
[WhiteElo "2484"]
[BlackElo "2323"]
[WhiteFideId "415804"]
[BlackFideId "401161"]
[EventDate "2025.05.26"]

1. d4 Nf6 2. c4 e6 3. Nf3 d5 4. g3 dxc4 5. Bg2 c5 6. O-O Nc6 7. Ne5 Bd7 8. Na3
cxd4 9. Naxc4 Be7 10. Bf4 Nd5 11. Nxd7 Nxf4 12. Bxc6 bxc6 13. Nde5 f6 14. gxf4
fxe5 15. Nxe5 Qd5 16. Qa4 O-O 17. Qxc6 Rxf4 18. Qxd5 exd5 19. f3 Re8 20. Nd3 Rf5
21. Rac1 Bh4 22. Rc2 Rf6 23. Kh1 Bg5 24. f4 h5 25. Rf2 Bh4 26. Rg2 Rfe6 27. f5
Re4 28. b4 Rf8 29. Rc7 Rf7 30. Rxf7 Kxf7 31. b5 Kf6 32. Rg6+ Kxf5 33. Rxg7 Rxe2
34. Rxa7 Ke4 35. b6 Bd8 36. Nc5+ Ke3 37. Ra3+ Kf2 38. Nd3+ Kf1 39. Rb3 Rd2 40.
Rb1+ Ke2 41. Nf4+ Kf3 42. Nxd5 Bxb6 43. Nxb6 Rxa2 44. Rf1+ Ke2 45. Kg1 Ra6 46.
Rf2+ Ke1 47. Rf6 d3 48. Re6+ Kd1 49. Kf1 d2 50. Rc6 Ra7 51. Nc4 Rf7+ 52. Kg2
Rg7+ 53. Kh3 Rg4 54. Nb2+ Ke2 55. Re6+ Kf3 56. Rd6 Ke2 57. Re6+ Kf3 58. Rd6 Ke2
59. Re6+ 1/2-1/2

[Event "3rd Cambridge Int Open"]
[Site "Cambridge ENG"]
[Date "2025.05.26"]
[Round "2.6"]
[White "Fernandez, Daniel Howard"]
[Black "Fava, Lorenzo"]
[Result "1/2-1/2"]
[WhiteTitle "GM"]
[BlackTitle "FM"]
[WhiteElo "2475"]
[BlackElo "2299"]
[WhiteFideId "5801605"]
[BlackFideId "2837434"]
[EventDate "2025.05.26"]

1. e4 e5 2. Nf3 Nc6 3. Bb5 a6 4. Bxc6 dxc6 5. O-O Qf6 6. d4 exd4 7. Bg5 Qd6 8.
Nxd4 Be7 9. Be3 c5 10. Ne2 Be6 11. b3 O-O-O 12. Qxd6 Bxd6 13. c4 f5 14. Nbc3 Nf6
15. exf5 Bxf5 16. Bf4 Bd3 17. Bxd6 Rxd6 18. Rfd1 Bxe2 19. Rxd6 cxd6 20. Nxe2 d5
21. Nf4 dxc4 22. bxc4 Re8 23. Rc1 Kc7 24. f3 Kc6 25. Kf2 b5 26. g4 Nd7 27. Nd3
Kb6 28. h4 Ne5 29. Nxe5 Rxe5 30. h5 bxc4 31. Rxc4 Kb5 32. Rc2 c4 33. f4 Re7 34.
g5 Kb4 35. Rb2+ Kc3 36. Rb6 a5 37. Kf3 Kd4 38. Rd6+ Kc5 39. Rd8 c3 40. f5 Re1
41. Kf4 Kc4 42. Rc8+ Kd3 43. Rd8+ Kc4 44. Rc8+ Kd3 45. Rd8+ 1/2-1/2

[Event "3rd Cambridge Int Open"]
[Site "Cambridge ENG"]
[Date "2025.05.26"]
[Round "2.7"]
[White "Kalavannan, Koby"]
[Black "Camacho Collados, Marcos"]
[Result "1-0"]
[WhiteTitle "FM"]
[BlackTitle "IM"]
[WhiteElo "2303"]
[BlackElo "2462"]
[WhiteFideId "425753"]
[BlackFideId "2266237"]
[EventDate "2025.05.26"]

1. Nf3 Nf6 2. g3 b5 3. Bg2 Bb7 4. O-O e6 5. b3 Be7 6. Bb2 c5 7. c4 b4 8. d4 cxd4
9. Nbd2 O-O 10. Rc1 Na6 11. Nxd4 Bxg2 12. Kxg2 Nc5 13. Qc2 Qb6 14. e4 Qb7 15. f3
d6 16. Rce1 Rac8 17. Qb1 Rfe8 18. Kg1 Bd8 19. f4 Bb6 20. e5 Ng4 21. h3 Nh6 22.
Kh2 Rcd8 23. N2f3 dxe5 24. fxe5 Nf5 25. Nxf5 exf5 26. Qxf5 Nd3 27. Re2 Nxb2 28.
Rxb2 h6 29. Re2 Re6 30. Ne1 Rde8 31. Nd3 Rf6 32. exf6 Rxe2+ 33. Nf2 Bd4 34. Qg4
g6 35. Qxe2 1-0

[Event "3rd Cambridge Int Open"]
[Site "Cambridge ENG"]
[Date "2025.05.26"]
[Round "2.8"]
[White "Ladron De Guevara Pinto, Paolo"]
[Black "Badacsonyi, Stanley"]
[Result "1/2-1/2"]
[WhiteTitle "IM"]
[BlackTitle "FM"]
[WhiteElo "2419"]
[BlackElo "2289"]
[WhiteFideId "2290847"]
[BlackFideId "486973"]
[EventDate "2025.05.26"]

1. d4 Nf6 2. c4 g6 3. Nc3 Bg7 4. e4 d6 5. h3 O-O 6. Nge2 Nc6 7. d5 Ne5 8. Ng3 e6
9. Be2 a6 10. O-O exd5 11. cxd5 b5 12. f4 Ned7 13. Bf3 Re8 14. Re1 Bb7 15. a3
Nb6 16. Re2 Nfd7 17. Nf1 a5 18. Be3 Ba6 19. Rf2 b4 20. axb4 axb4 21. Na4 Bxf1
22. Rxf1 Nxa4 23. Rxa4 Rxa4 24. Qxa4 Nf6 1/2-1/2

[Event "3rd Cambridge Int Open"]
[Site "Cambridge ENG"]
[Date "2025.05.26"]
[Round "2.9"]
[White "Haubro, Martin"]
[Black "Varnam, Liam D"]
[Result "0-1"]
[WhiteTitle "IM"]
[WhiteElo "2402"]
[BlackElo "2022"]
[WhiteFideId "1414291"]
[BlackFideId "410950"]
[EventDate "2025.05.26"]

1. d4 Nf6 2. c4 c5 3. d5 e6 4. Nc3 exd5 5. cxd5 d6 6. e4 g6 7. f4 Bg7 8. Bb5+
Nfd7 9. a4 O-O 10. Nf3 Na6 11. O-O Nb4 12. Re1 a6 13. Bf1 Re8 14. h3 f5 15. Qb3
fxe4 16. Nxe4 Nf6 17. Nxf6+ Bxf6 18. Bd2 Rxe1 19. Rxe1 Bf5 20. g4 Bd7 21. Bc3
Qf8 22. Bxb4 cxb4 23. Qxb4 b5 24. axb5 axb5 25. Nd4 Ra4 26. Qxa4 bxa4 27. Ne6
Qc8 28. Re4 Bxb2 29. Bc4 a3 30. Ba2 Bb5 31. Ng5 Qc1+ 32. Kg2 Qc2+ 33. Kf3 Bf6 0-1

[Event "3rd Cambridge Int Open"]
[Site "Cambridge ENG"]
[Date "2025.05.26"]
[Round "2.10"]
[White "Verbytski, Oleg"]
[Black "Hindol Ghosh"]
[Result "0-1"]
[WhiteElo "1976"]
[BlackElo "1669"]
[WhiteFideId "495506"]
[BlackFideId "25101641"]
[EventDate "2025.05.26"]

1. e4 c5 2. Nf3 d6 3. d4 cxd4 4. Nxd4 Nf6 5. Nc3 a6 6. Be2 e5 7. Nb3 Be7 8. Be3
Be6 9. Bf3 O-O 10. a4 Nbd7 11. O-O Qc7 12. a5 Rfc8 13. Re1 h6 14. Nd2 Rab8 15.
Nf1 b5 16. axb6 Nxb6 17. Rxa6 Nc4 18. Ra7 Rb7 19. Rxb7 Qxb7 20. b3 Na3 21. Qd3
Qb4 22. Bd2 Qd4 23. Be2 d5 24. exd5 Nxd5 25. Nxd5 Bxd5 26. c4 Be6 27. Qg3 Bh4
28. Qf3 Nc2 29. Rd1 e4 30. Qh5 Qxf2+ 31. Kh1 Rc5 32. Be3 Nxe3 0-1

[Event "3rd Cambridge Int Open"]
[Site "Cambridge ENG"]
[Date "2025.05.26"]
[Round "2.11"]
[White "Xu, Jiarui"]
[Black "Patel, Keatan"]
[Result "0-1"]
[WhiteElo "1725"]
[BlackElo "1958"]
[WhiteFideId "471712"]
[BlackFideId "477613"]
[EventDate "2025.05.26"]

1. e4 e5 2. Nf3 Nc6 3. Bc4 Bc5 4. d3 Nf6 5. O-O h6 6. c3 d6 7. d4 Bb6 8. dxe5
Nxe5 9. Nxe5 dxe5 10. Qxd8+ Kxd8 11. Bxf7 Nxe4 12. Be3 Bxe3 13. fxe3 Ke7 14. Bg6
Nf6 15. Na3 Be6 16. c4 Rad8 17. h3 Rd2 18. Rf2 Rxf2 19. Kxf2 Rd8 20. Ke2 Bf7 21.
Bc2 c6 22. b3 0-1

[Event "3rd Cambridge Int Open"]
[Site "Cambridge ENG"]
[Date "2025.05.26"]
[Round "2.12"]
[White "Sowray, Peter J"]
[Black "Tiviakov, Sergei"]
[Result "0-1"]
[WhiteTitle "FM"]
[BlackTitle "GM"]
[WhiteElo "2219"]
[BlackElo "2536"]
[WhiteFideId "400971"]
[BlackFideId "1008013"]
[EventDate "2025.05.26"]

1. d4 Nf6 2. Bg5 d5 3. Nd2 Nbd7 4. e3 e6 5. f4 c5 6. c3 Qb6 7. Rb1 Ne4 8. Nxe4
dxe4 9. Bc4 cxd4 10. exd4 Qc7 11. Qe2 h6 12. Bh4 Qxf4 13. Bg3 Qf5 14. Nh3 Be7
15. Rf1 Qh7 16. Kd2 O-O 17. Rbe1 Nb6 18. Bb3 Bd7 19. Nf4 Bc6 20. h4 Nd5 21. Bc2
Nxf4 22. Rxf4 Bd6 23. Rg4 Bxg3 24. Rxg3 f5 25. h5 Rf6 26. Qc4 f4 27. Rf3 Qf5 28.
g3 Qxh5 29. Rxf4 Rxf4 30. gxf4 Qh2+ 31. Kd1 Bd5 32. Qc7 Rf8 33. c4 Bc6 34. Qe5
Rf6 35. d5 exd5 36. cxd5 Bd7 37. Rxe4 Bf5 38. d6 Qh1+ 39. Re1 Bxc2+ 40. Kxc2
Qc6+ 41. Kb3 Rxd6 42. Rc1 Qb6+ 43. Kc2 Re6 44. Qb8+ Kh7 45. Kb1 Re2 0-1

[Event "3rd Cambridge Int Open"]
[Site "Cambridge ENG"]
[Date "2025.05.26"]
[Round "2.13"]
[White "Pert, Max"]
[Black "Alldritt, Nigel R E"]
[Result "1-0"]
[WhiteTitle "FM"]
[WhiteElo "2290"]
[BlackElo "1952"]
[WhiteFideId "456845"]
[BlackFideId "404543"]
[EventDate "2025.05.26"]

1. e4 e6 2. d4 d5 3. Nc3 Bb4 4. e5 c5 5. a3 Bxc3+ 6. bxc3 Ne7 7. h4 Qa5 8. Bd2
Qa4 9. Nf3 b6 10. h5 Ba6 11. h6 gxh6 12. Bxh6 Bxf1 13. Kxf1 Nbc6 14. Bg7 Rg8 15.
Rxh7 cxd4 16. Bf6 Qc4+ 17. Kg1 Ng6 18. cxd4 Rc8 19. Ng5 Rc7 20. Nxe6 Rd7 21. Qg4
Nge7 22. Ng7+ Kd8 23. e6 fxe6 24. Qxe6 1-0

[Event "3rd Cambridge Int Open"]
[Site "Cambridge ENG"]
[Date "2025.05.26"]
[Round "2.14"]
[White "Volovich, Julia"]
[Black "Pozzari, Simone"]
[Result "0-1"]
[BlackTitle "FM"]
[WhiteElo "1945"]
[BlackElo "2171"]
[WhiteFideId "447099"]
[BlackFideId "2831282"]
[EventDate "2025.05.26"]

1. d4 d5 2. c4 e6 3. Nc3 Nf6 4. cxd5 exd5 5. Bg5 c6 6. e3 h6 7. Bh4 Be7 8. Bd3
O-O 9. Nge2 Re8 10. O-O a5 11. Bc2 Nbd7 12. Nc1 Ne4 13. Bxe7 Qxe7 14. Nd3 g6 15.
Re1 h5 16. f3 Ng5 17. e4 dxe4 18. fxe4 Nf6 19. Nf2 h4 20. Qd2 Nh5 21. e5 h3 22.
Nfe4 Nh7 23. Nd6 Rd8 24. Nxc8 Raxc8 25. e6 Qg5 26. exf7+ Kxf7 27. Qxg5 Nxg5 28.
Re5 Nh7 29. Rf1+ Kg7 30. Re7+ Kh6 31. Rff7 Ng5 32. Rf1 hxg2 33. Kxg2 Rxd4 34.
Bd1 Nf4+ 35. Kh1 Nfh3 36. Rxb7 Re8 37. Rc7 Rd2 38. Bf3 Nxf3 0-1

[Event "3rd Cambridge Int Open"]
[Site "Cambridge ENG"]
[Date "2025.05.26"]
[Round "2.15"]
[White "Keohane, Ben"]
[Black "Brewer, Callum D"]
[Result "1/2-1/2"]
[WhiteElo "1926"]
[BlackElo "2154"]
[WhiteFideId "433950"]
[BlackFideId "435309"]
[EventDate "2025.05.26"]

1. b3 e5 2. Bb2 Nc6 3. g3 d5 4. Bg2 Be6 5. d3 h5 6. Nf3 f6 7. c4 Bb4+ 8. Nbd2 e4
9. Nh4 dxc4 10. bxc4 g5 11. Ng6 Rh6 12. Bxe4 Bf7 13. Qa4 Bxd2+ 14. Kxd2 Bxg6 15.
Bxc6+ bxc6 16. Qxc6+ Kf7 17. f4 Rb8 18. Bd4 gxf4 19. gxf4 Bf5 20. Qc5 Ne7 21. e4
Bh7 22. f5 Rb6 23. Be3 Bxf5 1/2-1/2

[Event "3rd Cambridge Int Open"]
[Site "Cambridge ENG"]
[Date "2025.05.26"]
[Round "2.16"]
[White "Goh, Jinghan Cameron"]
[Black "Hedger, Alec"]
[Result "1/2-1/2"]
[WhiteElo "2186"]
[BlackElo "1924"]
[WhiteFideId "5804540"]
[BlackFideId "453943"]
[EventDate "2025.05.26"]

1. d4 d5 2. c4 e6 3. Nf3 c6 4. g3 Nf6 5. Bg2 Nbd7 6. O-O Be7 7. Qc2 b6 8. Nbd2
Bb7 9. e4 c5 10. cxd5 exd5 11. e5 Ne4 12. Nxe4 dxe4 13. Nd2 cxd4 14. Nxe4 Nxe5
15. Bf4 Rc8 16. Qa4+ Bc6 17. Qa6 f6 18. Rfd1 O-O 19. Be3 d3 20. Qxa7 Nc4 21. Bf4
g5 22. Rxd3 Qxd3 23. Qxe7 gxf4 24. Nxf6+ Rxf6 25. Qxf6 Qd6 26. Qg5+ Kh8 27. Bxc6
Rxc6 28. Re1 Rc8 29. Qg4 Rg8 30. Qf3 Qd4 31. Rd1 Ne5 32. Qe2 f3 33. Qe1 Qxb2 34.
Rb1 Qe2 35. Qc3 Rd8 36. h3 Rg8 37. Re1 Rxg3+ 38. Kh1 Rxh3+ 39. Kg1 Rg3+ 40. Kh1
Rh3+ 41. Kg1 Rg3+ 1/2-1/2

[Event "3rd Cambridge Int Open"]
[Site "Cambridge ENG"]
[Date "2025.05.26"]
[Round "2.17"]
[White "Udovenko, Daniel"]
[Black "De Coverly, Roger D"]
[Result "1-0"]
[WhiteElo "2160"]
[BlackElo "1918"]
[WhiteFideId "30957508"]
[BlackFideId "405213"]
[EventDate "2025.05.26"]

1. d4 Nf6 2. c4 g6 3. Nc3 Bg7 4. e4 d6 5. f3 O-O 6. Be3 c5 7. Nge2 Nc6 8. d5 Ne5
9. Ng3 e6 10. Be2 exd5 11. cxd5 a6 12. a4 Re8 13. O-O h5 14. Qd2 h4 15. Nh1 h3
16. g3 Rb8 17. a5 Qc7 18. Rfb1 b5 19. axb6 Rxb6 20. Nf2 Rb4 21. Ra3 Qb8 22. Na2
Rb3 23. Rxb3 Qxb3 24. Nc1 Qa4 25. b4 c4 26. Bd4 Bd7 27. Ra1 Qb5 28. Ra5 Qb7 29.
Bxe5 dxe5 30. Bxc4 Ra8 31. Nfd3 Bf8 32. Nb3 Qb6+ 33. Nbc5 Bxc5+ 34. bxc5 Qb1+
35. Qc1 Rb8 36. Ra1 Qxc1+ 37. Rxc1 Bb5 38. Bxb5 axb5 39. d6 1-0

[Event "3rd Cambridge Int Open"]
[Site "Cambridge ENG"]
[Date "2025.05.26"]
[Round "2.18"]
[White "Smart, Michael R"]
[Black "Adams, Henry"]
[Result "1/2-1/2"]
[WhiteElo "1914"]
[BlackElo "2144"]
[WhiteFideId "411370"]
[BlackFideId "464562"]
[EventDate "2025.05.26"]

1. e4 e6 2. d4 d5 3. Nd2 c5 4. exd5 Qxd5 5. Ngf3 cxd4 6. Bc4 Qd6 7. O-O Nf6 8.
Nb3 Nc6 9. Nbxd4 Nxd4 10. Qxd4 Qxd4 11. Nxd4 a6 12. Re1 Bd7 13. Bg5 Rc8 14. Bb3
Bc5 15. Rad1 O-O 16. h3 Rfd8 17. c3 Be8 18. Rd2 b5 19. Nxe6 fxe6 20. Bxe6+ Bf7
21. Bxc8 Rxc8 22. Bxf6 gxf6 23. a3 Rc7 24. h4 a5 25. Rd8+ Kg7 26. Rb8 b4 27.
cxb4 axb4 28. axb4 Bd4 29. Rd1 Be5 30. Rbd8 Be6 31. Re1 Rc4 32. g3 Bg4 33. b5
Rb4 34. b6 Rxb6 35. Rd2 Rb3 36. Kg2 Bf3+ 37. Kh3 Rb4 38. Re3 Bg4+ 39. Kg2 Bxb2
40. f3 Bc8 41. Re7+ Kg6 42. Rd8 Rc4 43. g4 Rc2+ 44. Kf1 Ba6+ 45. Ke1 Rc1+ 46.
Kd2 Rc8 1/2-1/2